| 000 -CABECERA |
| Longitud fija campo de control |
00846nam a2200253 a 4500 |
| 001 - NÚMERO DE CONTROL |
| Número de control |
5885 |
| 003 - IDENTIFICADOR DEL NÚMERO DE CONTROL |
| Identificador del número de control |
CDMR |
| 005 - FECHA Y HORA DE LA ÚLTIMA TRANSACCIÓN |
| Fecha y hora de la última transacción |
20151026133602.0 |
| 008 - CÓDIGOS DE INFORMACIÓN DE LONGITUD FIJA |
| Códigos de información de longitud fija |
130220s2008||||sp |||||||||||||||||eng|d |
| 020 ## - NÚMERO INTERNACIONAL NORMALIZADO PARA LIBROS |
| Número Internacional Normalizado para Libros (ISBN) |
9788439378662 |
| 040 ## - FUENTE DE LA CATALOGACIÓN |
| Centro catalogador de origen |
CDMR |
| Lengua de catalogación |
cat |
| Centro transcriptor |
CDMR |
| 245 00 - MENCIÓN DE TÍTULO |
| Título |
Communication and Cultural Policies in Europe |
| Mención de responsabilidad, etc. |
Isabel Fernández Alonso, Miquel Moragas i Spà (editors) |
| 260 ## - PUBLICACIÓN, DISTRIBUCIÓN, ETC. (PIE DE IMPRENTA) |
| Lugar de publicación, distribución, etc. |
Barcelona |
| Nombre del editor, distribuidor, etc. |
Generalitat de Catalunya |
| Fecha de publicación, distribución, etc. |
2008 |
| 300 ## - DESCRIPCIÓN FÍSICA |
| Extensión |
318 p ; |
| Dimensiones |
20 cm |
| 490 0# - MENCIÓN DE SERIE |
| Mención de serie |
Lexikon. Anglès |
| Designación de volumen o secuencia |
4 |
| 650 04 - PUNTO DE ACCESO ADICIONAL DE MATERIA - TÉRMINO DE MATERIA |
| 9 (RLIN) |
4395 |
| Término de materia o nombre geográfico como elemento inicial |
Pluralisme cultural |
| 650 04 - PUNTO DE ACCESO ADICIONAL DE MATERIA - TÉRMINO DE MATERIA |
| 9 (RLIN) |
1243 |
| Término de materia o nombre geográfico como elemento inicial |
Comunicació |
| Subdivisión de materia general |
Innovacions tecnològiques |
| 650 04 - PUNTO DE ACCESO ADICIONAL DE MATERIA - TÉRMINO DE MATERIA |
| 9 (RLIN) |
4408 |
| Término de materia o nombre geográfico como elemento inicial |
Europa |
| Subdivisión de materia general |
Política de la comunicació |
| 650 04 - PUNTO DE ACCESO ADICIONAL DE MATERIA - TÉRMINO DE MATERIA |
| 9 (RLIN) |
4412 |
| Término de materia o nombre geográfico como elemento inicial |
Política cultural |
| 650 04 - PUNTO DE ACCESO ADICIONAL DE MATERIA - TÉRMINO DE MATERIA |
| 9 (RLIN) |
4256 |
| Término de materia o nombre geográfico como elemento inicial |
Unió Europea |
| 700 1# - PUNTO DE ACCESO ADICIONAL - NOMBRE DE PERSONA |
| 9 (RLIN) |
2331 |
| Nombre de persona |
Fernández Alonso, Isabel |
| Término indicativo de función |
ed. |
| 700 1# - PUNTO DE ACCESO ADICIONAL - NOMBRE DE PERSONA |
| 9 (RLIN) |
475 |
| Nombre de persona |
Moragas Spà, Miquel de |
| Término indicativo de función |
ed. |
| 942 ## - ENTRADA DE ELEMENTOS AGREGADOS (KOHA) |
| Koha [por defecto] tipo de item |
Monografies |
| Fuente de clasificaión o esquema |
|